00815cam a22002051 4500001001300000003000400013005001700017008004100034010001700075035002000092040004200112050003700154100002700191245014500218260003000363300007800393490009300471504002500564650002000589gs 12000897 DLC20260227111313.0841220s1912 gw bf b 000 0 ger c ags 12000897  a(OCoLC)11515086 aLibrary, U.S. Geol. SurveycMH-AdDLC00aQE1b.G492 n. f., bd. 10, hft. 51 aRassmuss, Hans,d1889-10aBeiträge zur Stratigraphie und Tektonik der südöstlichen Alta Brianza,cvon Hans Rassmuss ... mit 1 Karte, 6 Tafeln und 4 Textfiguren. aJena,bG. Fischer,c1912. a128, [14] p.bplates (part fold.) fold. map, diagrs. (part fold.)c31 cm.0 aGeologische und palaeontologische Abhandlungen, hrsg. von E. Koken,vn. F. Bd. x, Hft. 5 a"Literatur": p. 4-9. 0aGeologyzItaly.